00788nam a2200217Ia 4500003000900000008004100009020001800050040001600068080001700084100002500101245011700126260004000243300001500283490005400298650001400352650003300366700002200399942000700421999001700428952012500445IN-BaIIA211028s9999 xx 000 0 eng d a0-471-97042-5 cIIA Library a524.834bBER aBergstrom, L.923024 0aCosmology and particle astrophysicscL. Bergstrom and Goobar, A.  aChichesterbJohn Wiley & Sonsc1999 axii, 344p. aWiley-Praxis series in astronomy and astrophysics aCosmology aParticle astrophysics916537 aGoobar, A.923025 cBK c13075d13075 00104070aBANbBANcGENd1999-07-12g2033.00l0o524.834/ BERp13992r2021-11-05v2033.00w1999-07-12yBKGRs. 2033.00